Pipas de massa (Registo nº 2046)

Detalhes MARC
000 -Etiqueta do registo
Cabeçalho 00964nam a22003251 4500
005 - Identificador da versão
Campo de controlo 20240813121923.0
010 ## - Número internacional normalizado dos livros (ISBN)
Número (ISBN) 972202842X
021 ## - Número do Depósito Legal
Código do país PT
Número 230084/05
100 ## - Dados gerais de processamento
Dados gerais de processamento 20061205d2005 da y0pory5003 ba
102 ## - Pais de publicação ou produção
País de publicação Portugal
101 1# - Língua de publicação
Língua do texto, banda sonora, etc. Português
Língua do documento no original Inglês
106 ## - Campo de dados codificados: material textual
Dados codificados do material textual r
105 ## - Campo de dados codificados: livros
Dados codificados dos livros a z 000fy
215 ## - Descrição física 
Indicação específica da natureza do documento e extensão da espécie 44, [5] p.
Outras indicações físicas muito il.
Dimensões 26 cm
200 1# - Titulo e menção de responsabilidade
Título próprio Pipas de massa
Primeira menção de responsabilidade Madonna
Outras menções de responsabilidade il. Rui Paes
-- trad. Miguel e Susana Serras Pereira
205 ## - Menção da edição
Menção da edição 4ª ed.
210 ## - Publicação, Distribuição, etc. 
Lugar da edição, distribuição, etc. [Lisboa]
Nome do editor, distribuidor, etc. Dom Quixote
Data da publicação, distribuição, etc. 2005
304 ## - Notas relativas a título e menção de responsabilidade 
Texto da nota Tít. orig.: Lotsa de casha
606 ## - Nome comum usado como assunto
Número de registo de entrada de autoridade 0000015
Palavra de ordem Literatura estrangeira infanto-juvenil
Subdivisão de assunto Conto
675 ## - Classificação Decimal Universal (CDU)
Notação 82-34
Edição
Língua da edição por
702 #1 - Nome de autor-pessoa física (responsabilidade secundária)
Número de registo de entrada de autoridade 0000775
Palavra de ordem Paes
Outra parte do nome não tomada para palavra de ordem Rui
Código de função Ilustrador / Técnico de desenho computorizado
Número de registo de entrada de autoridade 0000776
Palavra de ordem Pereira
Outra parte do nome não tomada para palavra de ordem Miguel Serras
Datas 1949-
Código de função Tradutor
Número de registo de entrada de autoridade 0000777
Palavra de ordem Pereira
Outra parte do nome não tomada para palavra de ordem Susana Serras
Código de função Tradutor
700 #1 - Nome de autor-pessoa física (responsabilidade principal)
Número de registo de entrada de autoridade 0000774
Palavra de ordem Madonna
Elementos de identificação ou distinção pseud.
942 ## - Elementos de entrada adicionados (Koha)
Tipo de item no Koha Livro
Exemplares
Situação do levantamento Origin of item (home branch) (coded) Biblioteca de empréstimo Código de barras Cota Circulation type (not for loan) Tipo de documento Nota do exemplar Damaged status
  Biblioteca Escolar da Coca Maravilhas Biblioteca Escolar da Coca Maravilhas BECM7545/06 8EST MAD   Livro Sem mensagem